000
00204 a2200097 4500
001
18475
100
_a
Wykes A
245
_a
Tongues of conscience
260
_a
_b
Constable
_c
1969
090
_c
13712
_d
13712
942
_a
NUST-CAE
_c
M
_c
4128
999
_c
253548
_d
253548